Забытые острова : (Record no. 105666)
[ view plain ]
| 000 -LEADER | |
|---|---|
| fixed length control field | 00943nam a2200205 a 4500 |
| 001 - CONTROL NUMBER | |
| control field | 000288690 |
| 003 - CONTROL NUMBER IDENTIFIER | |
| control field | AM-YeHGA |
| 005 - DATE AND TIME OF LATEST TRANSACTION | |
| control field | 20250617125839.0 |
| 008 - FIXED-LENGTH DATA ELEMENTS--GENERAL INFORMATION | |
| fixed length control field | 031129s1991 ||| r 000 0 rus d |
| 020 ## - INTERNATIONAL STANDARD BOOK NUMBER | |
| International Standard Book Number | 5244005634 |
| 040 ## - CATALOGING SOURCE | |
| Original cataloging agency | AM-YeHGA |
| 041 0# - LANGUAGE CODE | |
| Language code of text/sound track or separate title | rus |
| 090 ## - LOCALLY ASSIGNED LC-TYPE CALL NUMBER (OCLC); LOCAL CALL NUMBER (RLIN) | |
| -- | 106990 |
| 100 1# - MAIN ENTRY--PERSONAL NAME | |
| Personal name | Мариковский, Павел Иустинович |
| 245 10 - TITLE STATEMENT | |
| Title | Забытые острова : |
| Remainder of title | [Оз. Балхаш] / |
| Statement of responsibility, etc. | П. И. Мариковский. |
| 260 ## - PUBLICATION, DISTRIBUTION, ETC. | |
| Place of publication, distribution, etc. | Москва : |
| Name of publisher, distributor, etc. | Мысль, |
| Date of publication, distribution, etc. | 1991. |
| 300 ## - PHYSICAL DESCRIPTION | |
| Extent | 240 с. |
| Other physical details | [8] л. ил. ; ил. |
| 505 00 - FORMATTED CONTENTS NOTE | |
| Formatted contents note | На пути к Балхашу ; В горах Анрахая ; Пустыня Жусандала ; Забытые острова ; По берегам озера ; Следы рассказывают ; Вдали от Балхаша ; На обратном пути |
| 650 14 - SUBJECT ADDED ENTRY--TOPICAL TERM | |
| Topical term or geographic name entry element | География |
| General subdivision | Путешествия и экспедиции |
| Geographic subdivision | Прибалхашье |
| Withdrawn status | Lost status | Damaged status | Not for loan | Collection | Home library | Current library | Date acquired | Total checkouts | Full call number | Barcode | Date last seen | Price effective from | Koha item type | Public note |
|---|---|---|---|---|---|---|---|---|---|---|---|---|---|---|
| General | Fundamental Scientific Library | Fundamental Scientific Library | 22/12/2016 | [910.4(282.25) | 120629805 | 22/12/2016 | 22/12/2016 | Գրքեր / Books | 30 Days Loan | |||||
| General | Fundamental Scientific Library | Fundamental Scientific Library | 22/12/2016 | [910.4(282.25) | 120636765 | 22/12/2016 | 22/12/2016 | Գրքեր / Books | 30 Days Loan |
ՀՀ Գիտությունների ազգային ակադեմիայի հիմնարար գիտական գրադարան = Fundamental Scientific Library of NAS RA
All site content, except where otherwise noted, is licensed under a